Look Inside Wild Weather (Record no. 48626)
| 000 -LEADER | |
|---|---|
| fixed length control field | 00370nam a22001217a 4500 |
| 008 - FIXED-LENGTH DATA ELEMENTS--GENERAL INFORMATION | |
| fixed length control field | 250318b |||||||| |||| 00| 0 eng d |
| 020 ## - INTERNATIONAL STANDARD BOOK NUMBER | |
| International Standard Book Number | 9781805071839 |
| 100 ## - MAIN ENTRY--PERSONAL NAME | |
| Personal name | Emily Bone (Author), Bao Luu (Illustrator) |
| 9 (RLIN) | 86137 |
| 245 ## - TITLE STATEMENT | |
| Title | Look Inside Wild Weather |
| 260 ## - PUBLICATION, DISTRIBUTION, ETC. (IMPRINT) | |
| Place of publication, distribution, etc | United Kingdom |
| Name of publisher, distributor, etc | Usborne |
| Date of publication, distribution, etc | 2024 |
| 300 ## - PHYSICAL DESCRIPTION | |
| Extent | 14 p |
| Other physical details | col. ill. |
| Dimensions | 7.72 x 0.65 x 8.84 inches |
| 942 ## - ADDED ENTRY ELEMENTS (KOHA) | |
| Source of classification or shelving scheme | |
| Withdrawn status | Lost status | Source of classification or shelving scheme | Damaged status | Not for loan | Collection code | Home library | Current library | Date acquired | Total Checkouts | Full call number | Barcode | Date last seen | Price effective from | Koha item type |
|---|---|---|---|---|---|---|---|---|---|---|---|---|---|---|
| Non-Fiction | Asian Hope Siem Reap | Asian Hope Siem Reap | 03/18/2025 | NFIC EMI | 207753 | 03/18/2025 | 03/18/2025 | Book |